With the Quaid i Azam during his last days (Record no. 11512)
[ view plain ]
| 000 -LEADER | |
|---|---|
| fixed length control field | 00767cam a2200229 i 4500 |
| 005 - DATE AND TIME OF LATEST TRANSACTION | |
| control field | 20170105102341.0 |
| 008 - FIXED-LENGTH DATA ELEMENTS--GENERAL INFORMATION | |
| fixed length control field | 121003s2011 pk 001 0beng |
| 020 ## - INTERNATIONAL STANDARD BOOK NUMBER | |
| International Standard Book Number | 9780195477108 |
| 040 ## - CATALOGING SOURCE | |
| Original cataloging agency | DLC |
| Transcribing agency | DLC |
| 082 ## - DEWEY DECIMAL CLASSIFICATION NUMBER | |
| Edition number | 954.9040924 |
| 100 1# - MAIN ENTRY--PERSONAL NAME | |
| Personal name | Bakhsh, Ilahi. |
| 245 10 - TITLE STATEMENT | |
| Title | With the Quaid i Azam during his last days |
| Statement of responsibility, etc. | Ilahi Bakhsh ; foreword by Fatima Jinnah. |
| 260 ## - PUBLICATION, DISTRIBUTION, ETC. | |
| Place of publication, distribution, etc. | Karachi : |
| Name of publisher, distributor, etc. | Oxford University Press, |
| Date of publication, distribution, etc. | 2011. |
| 300 ## - PHYSICAL DESCRIPTION | |
| Extent | xix, 67 pages ; |
| Dimensions | 22 cm |
| 500 ## - GENERAL NOTE | |
| General note | Second edition published in 1978 by the Quaid-i-Azam Academy. |
| 500 ## - GENERAL NOTE | |
| General note | Includes index. |
| 600 00 - SUBJECT ADDED ENTRY--PERSONAL NAME | |
| Personal name | Jinnah, Mahomed Ali, |
| Dates associated with a name | 1876-1948. |
| 650 #0 - SUBJECT ADDED ENTRY--TOPICAL TERM | |
| Topical term or geographic name entry element | Statesmen |
| Geographic subdivision | Pakistan |
| Form subdivision | Biography. |
| 650 #0 - SUBJECT ADDED ENTRY--TOPICAL TERM | |
| Topical term or geographic name entry element | Heads of state |
| Geographic subdivision | Pakistan |
| Form subdivision | Biography. |
| 942 ## - ADDED ENTRY ELEMENTS (KOHA) | |
| Source of classification or shelving scheme | |
| Koha item type | Book |
| Withdrawn status | Lost status | Damaged status | Not for loan | Collection code | Permanent Location | Current Location | Shelving location | Date acquired | Source of acquisition | Cost, normal purchase price | Total Checkouts | Total Renewals | Full call number | Barcode | Date last seen | Date last checked out | Price effective from | Koha item type |
|---|---|---|---|---|---|---|---|---|---|---|---|---|---|---|---|---|---|---|
| Central Library (CL) | Central Library (CL) | General Stacks | 01/07/2013 | Allied Book Company | 314.50 | 8 | 2 | 954.9040924 BAK | SEECS011837 | 10/03/2022 | 04/15/2022 | 01/11/2013 | Book |
